000 01022nam a2200277 a 4500
001 ebr10416283
003 CaPaEBR
006 m u
007 cr cn|||||||||
008 100928t20082006ii a sb 000 0 eng d
020 _z9788184882643
040 _aCaPaEBR
_cCaPaEBR
035 _a(OCoLC)680627694
050 1 4 _aQA76
_b.S66 2008eb
100 1 _aSoni, Vishal.
245 1 0 _aFundamentals of computers
_h[electronic resource] /
_cVishal Soni.
250 _aRev. ed.
260 _aMumbai :
_bHimalaya Pub. House,
_c2008, c2006.
300 _a300 p. :
_bill.
504 _aIncludes bibliographical references.
533 _aElectronic reproduction.
_bPalo Alto, Calif. :
_cebrary,
_d2010.
_nAvailable via World Wide Web.
_nAccess may be limited to ebrary affiliated libraries.
650 0 _aComputers.
655 7 _aElectronic books.
_2local
710 2 _aebrary, Inc.
856 4 0 _uhttp://site.ebrary.com/lib/rucke/Doc?id=10416283
_zAn electronic book accessible through the World Wide Web; click to view
999 _c186986
_d186986